Normal view
MARC view
- Christensen C
Entry Personal Name
001 - CONTROL NUMBER
- control field: 117335
003 - CONTROL NUMBER IDENTIFIER
- control field: OSt
005 - DATE AND TIME OF LATEST TRANSACTION
- control field: 20230125045358.0
008 - FIXED-LENGTH DATA ELEMENTS
- fixed length control field: 230125|| aca||aabn | a|a d
040 ## - CATALOGING SOURCE
- Original cataloging agency: OSt
- Transcribing agency: OSt
100 ## - HEADING--PERSONAL NAME
- Personal name: Christensen C
670 ## - SOURCE DATA FOUND
- Source citation: Work cat.: (OSt)95104: Christensen C, Competing Against Luck: The Story Of Innovation And Customer Choice, 2016